Handbook of operational amplifier circuit design / (Record no. 592519)
[ view plain ]
| 000 -LEADER | |
|---|---|
| fixed length control field | 00863nam a22001577a 4500 |
| 003 - CONTROL NUMBER IDENTIFIER | |
| control field | NUST |
| 020 ## - INTERNATIONAL STANDARD BOOK NUMBER | |
| International Standard Book Number | 007061797X |
| 082 ## - DEWEY DECIMAL CLASSIFICATION NUMBER | |
| Classification number | 621.3815,STO |
| 100 ## - MAIN ENTRY--PERSONAL NAME | |
| Personal name | F. Stout, David |
| 9 (RLIN) | 103751 |
| 245 ## - TITLE STATEMENT | |
| Title | Handbook of operational amplifier circuit design / |
| Statement of responsibility, etc. | David F. Stout |
| 260 ## - PUBLICATION, DISTRIBUTION, ETC. | |
| Place of publication, distribution, etc. | McGraw Hill |
| Name of publisher, distributor, etc. | New York |
| Date of publication, distribution, etc. | 1976 |
| 505 ## - FORMATTED CONTENTS NOTE | |
| Formatted contents note | Introduction to operational amplifiers (Page 1-1), Fundamental of circuit design (Page 2-1), Feed back stability (Page 3-1), Amplifiers (Page 4-1), Compatators (Page 5-1), Converters (Page 6-1), Demodulators (Page 7-1), Detectors (Page 8-1), Differen amplifiers (Page 9-1), Low pass filters (Page 10-1), High pass filters (Page 11-1), Bandpass filters (Page 12-1), Bandstop filters (Page 13-1), Frequency control (Page 14-1) |
| 650 ## - SUBJECT ADDED ENTRY--TOPICAL TERM | |
| Topical term or geographic name entry element | Operational amplifiers |
| 9 (RLIN) | 56206 |
| 651 ## - SUBJECT ADDED ENTRY--GEOGRAPHIC NAME | |
| Geographic name | Electronics circuits design |
| 9 (RLIN) | 103752 |
| 942 ## - ADDED ENTRY ELEMENTS (KOHA) | |
| Source of classification or shelving scheme | |
| Koha item type | Book |
| Withdrawn status | Lost status | Source of classification or shelving scheme | Damaged status | Not for loan | Permanent Location | Current Location | Shelving location | Date acquired | Total Checkouts | Full call number | Barcode | Date last seen | Price effective from | Koha item type | Public note |
|---|---|---|---|---|---|---|---|---|---|---|---|---|---|---|---|
| Military College of Signals (MCS) | Military College of Signals (MCS) | General Stacks | 11/29/2022 | 621.3815,STO | MCS20724 | 11/29/2022 | 11/29/2022 | Book | Almirah No.33, Shelf No.2 |
